000 00284nam a2200109Ia 4500
008 190914s9999||||xx |||||||||||||| ||und||
100 _aGerstein,Larry J.
245 0 _aIntroduction To Mathematical Structures and proofs
260 _aIndia
_bAddision
_c1999
300 _a451
942 _cBK
999 _c8627
_d8627